| 000 | 00750nam a2200229Ia 4500 | ||
|---|---|---|---|
| 001 | 10341 | ||
| 003 | GE_BSU | ||
| 008 | 181216s||||||||xx |||||||||||||| ||und|| | ||
| 040 | _cGE_BSU | ||
| 080 | _a821.353.1–31 | ||
| 100 | _aურჯუმელაშვილი, ვანო | ||
| 245 | _aდედაშვილიბა | ||
| 245 | _bრომანი.მოთხრობები | ||
| 245 | _cრედ.ნ.ხომერიკი.მხატვ.ვ.ხიდეშელი | ||
| 260 | _aთბილისი | ||
| 260 | _bმერანი | ||
| 260 | _c1983 | ||
| 300 | _a317გვ.20სმ. | ||
| 653 | _aდედაშვილიბა | ||
| 653 | _aრომანი.მოთხრობები | ||
| 942 | _cBK | ||
| 999 |
_c43606 _d43606 |
||